[Event "Mittelfrank Regionalliga Nord-Ost 2223"]
[Site "Mittelfranken"]
[Date "2023.03.19"]
[Round "8.5"]
[White "Renner, Christian"]
[Black "Ludwig, Michael1111"]
[Result "1-0"]
[WhiteElo "1912"]
[BlackElo "1850"]
[PlyCount "39"]
[EventDate "2022.10.09"]
[EventType "team-tourn"]
[EventRounds "9"]
[EventCountry "GER"]
[SourceTitle "EXT 2024"]
[Source "ChessBase"]
[SourceDate "2023.10.10"]
[SourceVersion "1"]
[SourceVersionDate "2023.10.10"]
[SourceQuality "1"]
[WhiteTeam "Nuernberg Noris Tarrasch III"]
[BlackTeam "Buechenbach/Roth"]
[WhiteTeamCountry "GER"]
[BlackTeamCountry "GER"]

1. d4 d5 2. c4 e6 3. Nf3 c6 4. Nc3 f5 5. Bf4 Nf6 6. e3 Be7 7. Bd3 0-0 8. 0-0 Ne4 9. Bxe4 fxe4 10. Ne5 Nd7 11. f3 exf3 12. Rxf3 Nxe5 13. Bxe5 Rxf3 14. Qxf3 Bf6 15. Rf1 dxc4 16. Ne4 Bd7 17. Bxf6 gxf6 18. Nxf6+ Kh8 19. Qh5 Qe7 20. Nxd7 1-0

[Event "Mittelfrank Regionalliga Nord-Ost 2223"]
[Site "Mittelfranken"]
[Date "2022.10.09"]
[Round "1.8"]
[White "Kalous, Miroslav"]
[Black "Renner, Christian"]
[Result "0-1"]
[WhiteElo "2001"]
[BlackElo "1912"]
[PlyCount "78"]
[EventDate "2022.10.09"]
[EventType "team-tourn"]
[EventRounds "9"]
[EventCountry "GER"]
[SourceTitle "EXT 2024"]
[Source "ChessBase"]
[SourceDate "2023.10.10"]
[SourceVersion "1"]
[SourceVersionDate "2023.10.10"]
[SourceQuality "1"]
[WhiteTeam "Windischeschenbach"]
[BlackTeam "Nuernberg Noris Tarrasch III"]
[WhiteTeamCountry "GER"]
[BlackTeamCountry "GER"]

1. d4 Nf6 2. Nf3 d5 3. g3 e6 4. Bg2 Be7 5. 0-0 0-0 6. c4 dxc4 7. Qc2 a6 8. a4 Bd7 9. Nbd2 Bc6 10. Qxc4 a5 11. Qc2 Na6 12. e4 Nb4 13. Qb1 b6 14. b3 Bb7 15. Bb2 c6 16. h4 Ba6 17. Nc4 b5 18. axb5 Bxb5 19. Rc1 Ng4 20. e5 h5 21. Ba3 c5 22. Bxb4 cxb4 23. Qe4 Ra6 24. Ne3 Nxe3 25. fxe3 Qd7 26. Ne1 Rc8 27. Rxc8+ Qxc8 28. Bf3 Qc3 29. Rb1 Bc6 30. Qf4 g6 31. Ng2 Be8 32. Be4 a4 33. bxa4 Rxa4 34. Qf1 Ra2 35. Rc1 Qb2 36. Rc8 Ra1 37. Rxe8+ Bf8 38. Ne1 Qd2 39. Rxf8+ Kxf8 0-1

[Event "Mittelfrank Regionalliga Nord-Ost 2122"]
[Site "Mittelfranken"]
[Date "2022.05.08"]
[Round "8.7"]
[White "Ludwig, Michael1111"]
[Black "Renner, Christian"]
[Result "1/2-1/2"]
[WhiteElo "1873"]
[BlackElo "1887"]
[PlyCount "32"]
[EventDate "2021.10.24"]
[EventType "team-tourn"]
[EventRounds "9"]
[EventCountry "GER"]
[SourceTitle "EXT 2024"]
[Source "ChessBase"]
[SourceDate "2023.10.10"]
[SourceVersion "1"]
[SourceVersionDate "2023.10.10"]
[SourceQuality "1"]
[WhiteTeam "Buechenbach/Roth"]
[BlackTeam "Nuernberg Noris Tarrasch III"]
[WhiteTeamCountry "GER"]
[BlackTeamCountry "GER"]

1. e4 c5 2. d4 cxd4 3. c3 Nf6 4. e5 Nd5 5. Bc4 Nb6 6. Bb3 d5 7. cxd4 Nc6 8. Nc3 Bf5 9. a3 e6 10. Nge2 Be7 11. 0-0 0-0 12. Bc2 Bxc2 13. Qxc2 a5 14. Qd3 a4 15. Qg3 Kh8 16. Qd3 Nc4 1/2-1/2

[Event "Mittelfranken-chTB1 1617"]
[Site "Mittelfranken"]
[Date "2016.12.11"]
[Round "4.5"]
[White "Reichmann, Ulrich"]
[Black "Renner, Christian"]
[Result "1/2-1/2"]
[WhiteElo "1918"]
[BlackElo "1904"]
[PlyCount "27"]
[EventDate "2016.10.23"]
[EventType "team-tourn"]
[EventRounds "9"]
[EventCountry "GER"]
[SourceTitle "EXT 2022"]
[Source "ChessBase"]
[SourceDate "2021.10.06"]
[SourceVersion "1"]
[SourceVersionDate "2021.10.06"]
[SourceQuality "1"]
[WhiteTeam "Gunzenhausen"]
[BlackTeam "Nuernberg Noris Tarrasch III"]
[WhiteTeamCountry "GER"]
[BlackTeamCountry "GER"]

1. e4 c5 2. Nc3 Nc6 3. f4 g6 4. Nf3 Bg7 5. Bc4 e6 6. 0-0 Nge7 7. Qe1 Nd4 8. Nxd4 cxd4 9. Nd1 0-0 10. Bb3 d5 11. d3 a5 12. a4 dxe4 13. dxe4 Bd7 14. Bc4 1/2-1/2

[Event "Mittelfranken-chTB1 1415"]
[Site "Mittelfranken"]
[Date "2015.03.08"]
[Round "7.6"]
[White "Renner, Christian"]
[Black "Ceglar, Michael"]
[Result "1/2-1/2"]
[WhiteElo "1900"]
[BlackElo "1784"]
[PlyCount "32"]
[EventDate "2014.09.29"]
[EventType "team-tourn"]
[EventRounds "9"]
[EventCountry "GER"]
[SourceTitle "EXT 2020"]
[Source "ChessBase"]
[SourceDate "2019.10.17"]
[SourceVersion "1"]
[SourceVersionDate "2019.10.17"]
[SourceQuality "1"]
[WhiteTeam "Nuernberg NT III"]
[BlackTeam "Postbauer Heng"]
[WhiteTeamCountry "GER"]
[BlackTeamCountry "GER"]

1. d4 d5 2. c4 e5 3. e3 exd4 4. exd4 Nf6 5. Nf3 Be7 6. Be2 0-0 7. 0-0 Nc6 8. Ne5 Be6 9. Nxc6 bxc6 10. c5 h6 11. Qa4 Bd7 12. Nc3 Ne4 13. Nxe4 dxe4 14. Rd1 f5 15. Bf4 Bg5 16. Qb3+ Kh7 1/2-1/2

[Event "Mittelfranken-chTB1 1415"]
[Site "Mittelfranken"]
[Date "2014.11.16"]
[Round "3.6"]
[White "Renner, Christian"]
[Black "Goetz, Dieter"]
[Result "1/2-1/2"]
[WhiteElo "1900"]
[BlackElo "1828"]
[PlyCount "59"]
[EventDate "2014.09.29"]
[EventType "team-tourn"]
[EventRounds "9"]
[EventCountry "GER"]
[SourceTitle "EXT 2020"]
[Source "ChessBase"]
[SourceDate "2019.10.17"]
[SourceVersion "1"]
[SourceVersionDate "2019.10.17"]
[SourceQuality "1"]
[WhiteTeam "Nuernberg NT III"]
[BlackTeam "Nuernberg SK 1911"]
[WhiteTeamCountry "GER"]
[BlackTeamCountry "GER"]

1. d4 Nf6 2. c4 d6 3. Nc3 Nbd7 4. Nf3 e5 5. g3 Be7 6. Bg2 0-0 7. 0-0 c6 8. Qc2 a6 9. Rd1 Qc7 10. a4 Re8 11. b3 Nf8 12. h3 Ng6 13. Be3 Bd7 14. a5 Qc8 15. dxe5 dxe5 16. Kh2 Bf5 17. Qb2 Bd8 18. b4 Bc7 19. Na4 h6 20. Nb6 Bxb6 21. Bxb6 e4 22. Nd4 Ne5 23. Nxf5 Qxf5 24. Rac1 Qh5 25. Kg1 Ned7 26. Be3 Nf8 27. Rd6 Rad8 28. Rcd1 Rxd6 29. Rxd6 Ne6 30. Kf1 1/2-1/2

[Event "Mittelfranken-chTB1 1415"]
[Site "Mittelfranken"]
[Date "2014.10.12"]
[Round "2.6"]
[White "Werner, Thomas1111"]
[Black "Renner, Christian"]
[Result "0-1"]
[WhiteElo "1872"]
[BlackElo "1900"]
[PlyCount "82"]
[EventDate "2014.09.29"]
[EventType "team-tourn"]
[EventRounds "9"]
[EventCountry "GER"]
[SourceTitle "EXT 2020"]
[Source "ChessBase"]
[SourceDate "2019.10.17"]
[SourceVersion "1"]
[SourceVersionDate "2019.10.17"]
[SourceQuality "1"]
[WhiteTeam "Nuernberg Sued SW III"]
[BlackTeam "Nuernberg NT III"]
[WhiteTeamCountry "GER"]
[BlackTeamCountry "GER"]

1. d4 Nf6 2. c4 e6 3. Nc3 Bb4 4. Qc2 d5 5. a3 Bxc3+ 6. Qxc3 Ne4 7. Qc2 0-0 8. Nf3 c5 9. dxc5 Nxc5 10. cxd5 Qxd5 11. Be3 Nb3 12. Rd1 Qa5+ 13. Nd2 Nxd2 14. Bxd2 Qb6 15. e3 e5 16. Bb4 Re8 17. Bd3 h6 18. 0-0 Bg4 19. Bh7+ Kh8 20. Rd6 Nc6 21. h3 Nxb4 22. Rxb6 Nxc2 23. Rxb7 Bc8 24. Rc7 Kxh7 25. Rxc2 Be6 26. Rc5 f6 27. b4 Rac8 28. Ra5 Bc4 29. Rd1 a6 30. a4 Red8 31. b5 axb5 32. axb5 Rd5 33. Rc1 Rdc5 34. Ra7 Bxb5 35. Rxc5 Rxc5 36. Ra5 Rc1+ 37. Kh2 Bc6 38. Ra2 h5 39. h4 Be4 40. Rd2 Kg6 41. f3 Rc2 0-1

[Event "Mittelfranken-chTB2b 1213"]
[Site "Germany"]
[Date "2012.11.18"]
[Round "3.3"]
[White "Renner, Christian"]
[Black "Seitner, Ralf"]
[Result "0-1"]
[WhiteElo "1898"]
[BlackElo "1877"]
[PlyCount "60"]
[EventDate "2012.10.07"]
[EventType "team-tourn"]
[EventRounds "9"]
[EventCountry "GER"]
[SourceTitle "EXT 2019"]
[Source "ChessBase"]
[SourceDate "2018.10.10"]
[SourceVersion "1"]
[SourceVersionDate "2018.10.10"]
[SourceQuality "1"]
[WhiteTeam "Nuernberg NT IV"]
[BlackTeam "Neumarkt"]
[WhiteTeamCountry "GER"]
[BlackTeamCountry "GER"]

1. d4 Nf6 2. c4 g6 3. Nc3 Bg7 4. e4 d6 5. Nf3 0-0 6. Be2 e5 7. 0-0 Nc6 8. d5 Ne7 9. b4 a5 10. Ba3 axb4 11. Bxb4 Nd7 12. a4 h6 13. Qb3 Kh7 14. Ne1 f5 15. f3 c5 16. dxc6 Qb6+ 17. Kh1 bxc6 18. a5 Qb8 19. Qa4 Nb6 20. Qb3 c5 21. Ba3 Rxa5 22. Nc2 Be6 23. Rab1 Nd7 24. Nb5 fxe4 25. fxe4 Rxf1+ 26. Rxf1 Nc6 27. Qg3 Nd4 28. Ncxd4 exd4 29. Qxd6 Qxd6 30. Nxd6 Rxa3 0-1

[Event "Mittelfranken-chTB1 1112"]
[Site "Germany"]
[Date "2011.12.11"]
[Round "4.7"]
[White "Renner, Christian"]
[Black "Ceglar, Michael"]
[Result "1-0"]
[WhiteElo "1935"]
[BlackElo "1810"]
[PlyCount "63"]
[EventDate "2011.09.25"]
[EventType "team-tourn"]
[EventRounds "9"]
[EventCountry "GER"]
[SourceTitle "EXT 2013"]
[Source "ChessBase"]
[SourceDate "2012.11.22"]
[SourceVersion "1"]
[SourceVersionDate "2012.11.22"]
[SourceQuality "1"]
[WhiteTeam "Nuernberg NT III"]
[BlackTeam "Heng Postbauer"]
[WhiteTeamCountry "GER"]
[BlackTeamCountry "GER"]

1. d4 d5 2. c4 c6 3. Nc3 Nf6 4. Nf3 e6 5. e3 Be7 6. Qc2 0-0 7. Bd3 Nbd7 8. 0-0 a6 9. Rd1 h6 10. b3 b5 11. Bb2 Bb7 12. a3 Qb8 13. Rab1 Rc8 14. h3 dxc4 15. bxc4 c5 16. d5 exd5 17. Nxd5 Nxd5 18. cxd5 Nb6 19. Bh7+ Kf8 20. Ne5 Qd6 21. Bf5 Rd8 22. e4 Bf6 23. f4 c4 24. Kh1 g6 25. Nxf7 Qxf4 26. Rf1 Qe3 27. Bxf6 Rxd5 28. exd5 gxf5 29. Qxf5 Bxd5 30. Nd6 Be6 31. Qh7 Qg3 32. Be7# 1-0

[Event "Mittelfranken-chTB1 1011"]
[Site "Germany"]
[Date "2011.05.15"]
[Round "9.6"]
[White "Hein, Manfred"]
[Black "Renner, Christian"]
[Result "1/2-1/2"]
[WhiteElo "1922"]
[BlackElo "1926"]
[PlyCount "56"]
[EventDate "2010.09.26"]
[EventType "team-tourn"]
[EventRounds "9"]
[EventCountry "GER"]
[SourceTitle "EXT 2012"]
[Source "ChessBase"]
[SourceDate "2011.11.24"]
[SourceVersion "1"]
[SourceVersionDate "2011.11.24"]
[SourceQuality "1"]
[WhiteTeam "Gunzenhausen"]
[BlackTeam "Nuernberg NT III"]
[WhiteTeamCountry "GER"]
[BlackTeamCountry "GER"]

1. e4 c5 2. Nf3 Nc6 3. d4 cxd4 4. Nxd4 Nf6 5. Nc3 e5 6. Ndb5 d6 7. Bg5 a6 8. Na3 b5 9. Nd5 Be7 10. Nxe7 Nxe7 11. Bxf6 gxf6 12. Be2 f5 13. Bf3 fxe4 14. Bxe4 d5 15. Bf3 Rb8 16. c3 b4 17. cxb4 Rxb4 18. Qd2 Qb6 19. b3 Rd4 20. Qc3 Bf5 21. 0-0 0-0 22. Qe3 Qd6 23. Nb1 Qf6 24. Be2 Re4 25. Qd2 Rc8 26. Qb2 Rf4 27. Na3 Ng6 28. Rac1 Rxc1 1/2-1/2

[Event "Mittelfranken-chTB1 0910"]
[Site "Mittelfranken"]
[Date "2009.10.25"]
[Round "2.6"]
[White "Herbst, Thomas"]
[Black "Renner, Christian"]
[Result "0-1"]
[WhiteElo "1893"]
[BlackElo "1955"]
[PlyCount "38"]
[EventDate "2009.10.11"]
[EventType "team-tourn"]
[EventRounds "9"]
[EventCountry "GER"]
[SourceTitle "EXT 2011"]
[Source "ChessBase"]
[SourceDate "2010.11.26"]
[SourceVersion "1"]
[SourceVersionDate "2010.11.26"]
[SourceQuality "1"]
[WhiteTeam "Nuernberg SK 1911"]
[BlackTeam "Nuernberg NT III"]
[WhiteTeamCountry "GER"]
[BlackTeamCountry "GER"]

1. d4 Nf6 2. c4 e6 3. Nf3 d5 4. Nc3 Bb4 5. Bg5 dxc4 6. e4 c5 7. e5 h6 8. Bh4 g5 9. Nxg5 hxg5 10. Bxg5 Qxd4 11. Bxf6 Bxc3+ 12. bxc3 Qxc3+ 13. Ke2 Nc6 14. f3 Rg8 15. Kf2 Nd4 16. Be2 Bd7 17. Rc1 Qb2 18. h4 Nxe2 19. Qxe2 Rxg2+ 0-1

[Event "Landesliga Nord 0809"]
[Site "Bayern"]
[Date "2008.10.26"]
[Round "2.8"]
[White "Ehrler, Eberhard"]
[Black "Renner, Christian"]
[Result "1-0"]
[WhiteElo "2077"]
[BlackElo "1970"]
[PlyCount "123"]
[EventDate "2008.10.05"]
[EventType "team-tourn"]
[EventRounds "9"]
[EventCountry "GER"]
[SourceTitle "EXT 2020"]
[Source "ChessBase"]
[SourceDate "2019.10.17"]
[SourceVersion "1"]
[SourceVersionDate "2019.10.17"]
[SourceQuality "1"]
[WhiteTeam "Schweinfurt"]
[BlackTeam "Nuernberg NT II"]
[WhiteTeamCountry "GER"]
[BlackTeamCountry "GER"]

1. e4 c5 2. Nf3 Nc6 3. d4 cxd4 4. Nxd4 Nf6 5. Nc3 e5 6. Ndb5 d6 7. Bg5 a6 8. Na3 b5 9. Nd5 Be7 10. Bxf6 Bxf6 11. c3 Bg5 12. Nc2 0-0 13. a4 bxa4 14. Rxa4 a5 15. Bb5 Ne7 16. Ncb4 Bb7 17. Nxe7+ Bxe7 18. Nd5 Bg5 19. Qd3 Kh8 20. 0-0 g6 21. b3 f5 22. exf5 gxf5 23. Bc4 Bh6 24. Qh3 Bg7 25. Rd1 Bc6 26. Ra2 Bd7 27. Qe3 f4 28. Qb6 Bf5 29. Qxd8 Rfxd8 30. Rda1 e4 31. Rxa5 Rxa5 32. Rxa5 Be5 33. Nxf4 Bxf4 34. Rxf5 Bd2 35. Bd5 Bxc3 36. Bxe4 Re8 37. f3 Bd4+ 38. Kf1 Rb8 39. Rh5 Rxb3 40. Rxh7+ Kg8 41. Bd5+ Kxh7 42. Bxb3 Kh6 43. f4 Be3 44. g3 Kg6 45. Kg2 Bd2 46. Kf3 Be1 47. Bd5 Kf6 48. Kg4 Bf2 49. Be4 Be1 50. h4 Kg7 51. h5 Kh6 52. Bg6 d5 53. Kf3 Bc3 54. g4 Bf6 55. Bf7 d4 56. Bc4 Bh4 57. Ke4 Bf2 58. Kf5 Kg7 59. g5 Be3 60. h6+ Kh7 61. Bd3 Kg8 62. g6 1-0

[Event "Landesliga Nord 0708"]
[Site "Bayern"]
[Date "2008.04.06"]
[Round "8.8"]
[White "Paar, Johannes"]
[Black "Renner, Christian"]
[Result "0-1"]
[WhiteElo "1865"]
[BlackElo "1956"]
[PlyCount "80"]
[EventDate "2007.10.21"]
[EventType "team-tourn"]
[EventRounds "9"]
[EventCountry "GER"]
[SourceTitle "EXT 2009"]
[Source "ChessBase"]
[SourceDate "2008.11.26"]
[SourceVersion "1"]
[SourceVersionDate "2008.11.26"]
[SourceQuality "1"]
[WhiteTeam "Schwandorf"]
[BlackTeam "Nuernberg NT II"]
[WhiteTeamCountry "GER"]
[BlackTeamCountry "GER"]

1. e4 c5 2. Nf3 Nc6 3. d4 cxd4 4. Nxd4 Nf6 5. Nc3 e5 6. Ndb5 d6 7. Bg5 a6 8. Na3 b5 9. Nd5 Be7 10. Bxf6 Bxf6 11. c3 Bg5 12. h4 Bh6 13. Nc2 0-0 14. Be2 Be6 15. g4 Bf4 16. Nxf4 exf4 17. Bf3 Ne5 18. Nd4 Bc4 19. Be2 Re8 20. Kf1 d5 21. Bxc4 bxc4 22. exd5 Qxd5 23. Rh3 Rad8 24. Qc2 Nxg4 25. Qf5 Qxf5 26. Nxf5 Rd2 27. f3 Nf6 28. b3 g6 29. Nd4 cxb3 30. axb3 Nd5 31. Rc1 Re3 32. Nc6 Nxc3 33. Re1 Nd5 34. Rxe3 Nxe3+ 35. Ke1 Rb2 36. h5 g5 37. h6 f6 38. b4 Kf8 39. Nb8 a5 40. Nd7+ Ke7 0-1

[Event "Mittelfrankenliga-B1 0708"]
[Site "Mittelfranken"]
[Date "2007.11.25"]
[Round "3.5"]
[White "Boese, Klaus"]
[Black "Renner, Christian"]
[Result "1/2-1/2"]
[WhiteElo "1953"]
[BlackElo "1985"]
[PlyCount "84"]
[EventDate "2007.10.14"]
[EventType "team-tourn"]
[EventRounds "9"]
[EventCountry "GER"]
[SourceTitle "EXT 2011"]
[Source "ChessBase"]
[SourceDate "2010.11.26"]
[SourceVersion "1"]
[SourceVersionDate "2010.11.26"]
[SourceQuality "1"]
[WhiteTeam "Bechhofen"]
[BlackTeam "Nuernberg NT III"]
[WhiteTeamCountry "GER"]
[BlackTeamCountry "GER"]

1. Nf3 d5 2. b3 Nf6 3. Bb2 c6 4. e3 e6 5. Be2 Nbd7 6. d4 Be7 7. Nbd2 0-0 8. 0-0 b6 9. Rc1 Bb7 10. c4 Re8 11. Rc2 Rc8 12. Qc1 a5 13. a3 g6 14. Rd1 Qc7 15. cxd5 exd5 16. Bd3 Bf8 17. Qa1 Qb8 18. a4 Bh6 19. Ba3 Re6 20. Nf1 Qa8 21. Qc1 Ba6 22. Qd2 Bxd3 23. Qxd3 Ne4 24. Rb1 Rce8 25. Bc1 Bf8 26. Bd2 Qa7 27. Be1 Rc8 28. Ng3 Nxg3 29. hxg3 Be7 30. Ra2 Qb7 31. b4 axb4 32. Bxb4 c5 33. dxc5 Nxc5 34. Qb5 Re4 35. a5 bxa5 36. Bxc5 Qxb5 37. Rxb5 Rxc5 38. Raxa5 Rec4 39. Rxc5 Rxc5 40. Rxc5 Bxc5 41. Kf1 f6 42. Ke2 Kf7 1/2-1/2

[Event "Mittelfrankenliga-B1 0607"]
[Site "Mittelfranken"]
[Date "2007.03.11"]
[Round "7.5"]
[White "Renner, Christian"]
[Black "Cipra, Lothar"]
[Result "0-1"]
[WhiteElo "1967"]
[BlackElo "1939"]
[PlyCount "68"]
[EventDate "2006.10.22"]
[EventType "team-tourn"]
[EventRounds "9"]
[EventCountry "GER"]
[SourceTitle "EXT 2011"]
[Source "ChessBase"]
[SourceDate "2010.11.26"]
[SourceVersion "1"]
[SourceVersionDate "2010.11.26"]
[SourceQuality "1"]
[WhiteTeam "Nuernberg NT III"]
[BlackTeam "Schwanstetten"]
[WhiteTeamCountry "GER"]
[BlackTeamCountry "GER"]

1. d4 Nf6 2. c4 e6 3. Nc3 Bb4 4. Nf3 0-0 5. g3 d5 6. Bg2 c5 7. cxd5 Nxd5 8. Bd2 cxd4 9. Nxd5 Bxd2+ 10. Qxd2 Qxd5 11. Qxd4 Qb5 12. a4 Qd7 13. 0-0 Nc6 14. Qc3 Qe7 15. a5 Rb8 16. Ra4 Bd7 17. Rc4 e5 18. a6 Be6 19. Rc5 Nd4 20. Nxd4 exd4 21. Qxd4 bxa6 22. Rfc1 Rfd8 23. Qe5 Qd6 24. Qxd6 Rxd6 25. f4 g6 26. R1c2 Rdb6 27. Kf2 Rxb2 28. Rxb2 Rxb2 29. Rc7 Ra2 30. Rxa7 a5 31. Ke3 a4 32. Kd3 a3 33. Bf3 Ra1 34. Kc3 a2 0-1